La propagande nazie sous le IIIème Reich - Statistiques

Statistiques générales
  • Ce quiz a été pris 420 fois
  • Le résultat moyen est 12 sur 20
Statistiques - réponses
Question Réponse % Correct
Quel était le nom du dictateur qui a fait l'objet d'un véritable culte de la personnalité sous le IIIème Reich ? Adolf Hitler
100%
Des affiches agressives placardées sur les murs des villes étaient destinées à manipuler les masses. D'après cette affiche, qui sont les principaux ennemis de l'Allemagne nazie ? Les juifs et les communistes
98%
En 1936, quelle grande manifestation sportive internationale fut l'occasion pour le régime nazi de montrer ses capacités d'organisation et la nouvelle puissance de l'Allemagne ? Les Jeux Olympiques
90%
Que brûle-t-on en public au cours d'un autodafé savamment orchestré en 1933 devant l'opéra de Berlin pour frapper l'opinion publique ? Les livres des auteurs jugés contraires à l'esprit allemand ( juifs, marxistes, pacifistes )
88%
Qui dirigeait le ministère à l'éducation du peuple et à la propagande ? Il avait les pleins pouvoirs pour organiser les grandes parades nazies et régenter toute la presse écrite, la radio, le cinéma. . Joseph Goebbels
86%
Comment s'appelait l'organisation paramilitaire de la jeunesse allemande dont la raison d'être était la formation de futurs surhommes « aryens » et de soldats prêts servir loyalement le IIIème Reich ? Jeunesses hitlériennes
85%
Quel était le titre de la chanson de propagande du régime de Vichy ? Diffusée à la radio et chantée dans les écoles, elle était devenue l'hymne officieux de l'Etat français Maréchal nous voilà !
73%
Le régime de Vichy tenta d'amener les Français à travailler en Allemagne pour participer à l'effort de guerre contre le bolchévisme. En raison de l'échec de la propagande, que décida le régime nazi ? Le Service du Travail Obligatoire
69%
Qui était l'architecte officiel du IIIème Reich ( et futur ministre des armements de la production de guerre ) chargé de construire ce gigantesque complexe pour les besoins de la propagande nazie ? Albert Speer
62%
Quel était le nom de la radio nationale qui a appelé " les bons français " à collaborer avec l'occupant nazi ? Radio Paris
52%
Comment a-t-on surnommé cette célèbre affiche de la propagande nazie qui présentait des héroïques résistants comme des terroristes ? L'affiche rouge
48%
Les défilés et parades sont de véritables mises en scène permettant de célébrer le culte du Führer et d'impressionner les foules. Dans quelle ville a lieu le rassemblement annuel du parti nazi ? Nuremberg
46%
Quel grand magazine allemand, célèbre pour ses photos couleur de qualité (chose exceptionnelle pour l'époque ), a servi de vecteur de diffusion de l'idéologie nazie dans tous les territoires occupés ? Signal
45%
Lors de l'exposition "Le juif et la France" , le médecin anthropologue et ethnologue au musée de l'Homme G. Montandon, sert de caution scientifique à l'antisémitisme d'Etat. Quel ouvrage a-t-il publié ? Comment reconnaître le juif ?
44%
Qui est la réalisatrice de ce film grandiloquent qui souligne l'ordre, la discipline et la force du régime, ainsi que la "communion " qui existe entre le Führer et son peuple ? Leni Riefenstahl
39%
L'alpinisme devient aussi un instrument de la propagande nazie avec de grandes expéditions. Comment s'appelle le grand alpiniste allemand joué par Brad Pitt dans le film " 7 ans au Tibet " ? Heinrich Harrer
38%
Quel est le titre du film de propagande qui glorifie le grand congrès de 1934 où les symboles de l'esthétisme nazi sont omniprésents (croix gammée, aigle impérial, uniforme SS, salut hitlérien ) ? Le triomphe de la volonté
32%
Dans quel autre film impressionnant , à la musique grandiose et à l'esthétique parfaite, montre-t-elle la beauté et la supériorité physique de la prétendue « race aryenne » ? Les dieux du stade
31%
Quel est le titre du film de fiction , propagande antisémite réalisée par Veit Harlan en 1940 , qui a contribué à répandre l'idéologie raciste du régime nazi ? Le juif Süss
30%
Quel était le nom de la société d'information qui faisait l'apologie de l'Allemagne nazie dans les actualités cinématographiques projetées dans les salles obscures pendant l'occupation ? France Actualités
23%
Aucun quiz correspondant
Distribution des résultats
% des personnes avec chaque résultat
Percentile par nombre de réponses
Votre historique - résultats
Vous n’avez pas pris ce quiz